| 000 | 00800cab a2200277 4500 | ||
|---|---|---|---|
| 001 | ABS52559 | ||
| 008 | 090401t1995 xxu||||| |||| 00| 0 eng d | ||
| 035 | _a(Sirsi) u84641 | ||
| 041 | _aeng | ||
| 100 | _aGlanville, M. | ||
| 245 | _aQuality advice | ||
| 260 | _c1995 | ||
| 350 | _a0 | ||
| 490 |
_aLandscape Design _v(238) March 1995, 18-20(3) |
||
| 520 | _aOffers advice on the assessment of proposals for the restoration of mineral extraction sites. Kent is taken as an example. | ||
| 650 | _aAFTERCARE | ||
| 650 | _aENVIRONMENTAL STATEMENTS | ||
| 650 | _aLAND RECLAMATION | ||
| 650 | _aLANDSCAPING | ||
| 650 | _aMINERAL APPLICATIONS | ||
| 650 | _aMINERAL EXTRACTION | ||
| 650 | _aRESTORATION CONDITIONS | ||
| 690 | _aMINING AND MINERALS | ||
| 942 | _n0 | ||
| 948 | _c04/03/1997 | ||
| 999 |
_c53211 _d53211 |
||